=LDR 00000nam 2200000 4500 =001 INLIS000000000005310 =005 20251013113918 =035 ##$$a 0010-1025000365 =007 ta =008 251013###########################0#ind## =082 ##$$a 362.83 =084 ##$$a 362.83 BAD b =100 #$$a Badan Koordinasi Keluarga Berencana Nasional =245 1#$$a Biaya Ber-KB dan Perlindungan Terhadap Masyarakat Miskin /$c Badan Koordinasi Keluarga Berencana Nasional =260 ##$:$b Badan Koordinasi Keluarga Berencana Nasional,$c 2000 =300 ##$$a 20 Hal : $b Ilus ; $c 21 =650 #4$$a Keluarga Berencana =856 ##$$a Perpustakaan Kemendukbangga